| 000 | 00499nam a22001697a 4500 | ||
|---|---|---|---|
| 003 | OSt | ||
| 005 | 20140310181806.0 | ||
| 008 | 130704t xxu||||| |||| 00| 0 eng d | ||
| 050 |
_aPL 6056 _b.R319 1963 |
||
| 082 |
_aREF 418.02 _bD34 1963 |
||
| 245 |
_aEnglish-tagalog- Spanish and tagalog -English Vocabulary / _cDe Guzman, Maria Odulio |
||
| 260 |
_aNew York : _bP.Manalili Book Shop and Distributor, _cc1963. |
||
| 300 |
_a228 p. _c18 cm. |
||
| 562 | _e1 | ||
| 942 |
_2lcc _cBK |
||
| 999 |
_c3791 _d3791 |
||